La inversión extranjera en la industria manufacturera colombiana / (Registro nro. 8146)
[ vista simple ]
| 000 -LEADER | |
|---|---|
| fixed length control field | 01228nam a2200217Ia 4500 |
| 003 - CONTROL NUMBER IDENTIFIER | |
| control field | OSt |
| 005 - DATE AND TIME OF LATEST TRANSACTION | |
| control field | 20210722121218.0 |
| 008 - FIXED-LENGTH DATA ELEMENTS--GENERAL INFORMATION | |
| fixed length control field | 210310s1982 ck gr 000 0 spa d |
| 040 ## - CATALOGING SOURCE | |
| Original cataloging agency | CO-JMCR |
| Transcribing agency | CO-JMCR |
| 041 0# - LANGUAGE CODE | |
| Language code of text/sound track or separate title | spa |
| 082 04 - DEWEY DECIMAL CLASSIFICATION NUMBER | |
| Classification number | 332.6731 / |
| Item number | A662i |
| Edition number | 23 |
| 100 1# - MAIN ENTRY--PERSONAL NAME | |
| Personal name | Arango F, Juan Ignacio, |
| 9 (RLIN) | 16462 |
| Relator term | autor |
| 245 13 - TITLE STATEMENT | |
| Title | La inversión extranjera en la industria manufacturera colombiana / |
| Statement of responsibility, etc. | Juan Ignacio Arango F. |
| 260 ## - PUBLICATION, DISTRIBUTION, ETC. | |
| Place of publication, distribution, etc. | Bogotá : |
| Name of publisher, distributor, etc. | Editográficas, |
| Date of publication, distribution, etc. | 1982 |
| 300 ## - PHYSICAL DESCRIPTION | |
| Extent | 346 páginas ; |
| Dimensions | 23 cm. |
| 504 ## - BIBLIOGRAPHY, ETC. NOTE | |
| Bibliography, etc. note | Bibliografía: páginas 343-346 |
| 505 0# - FORMATTED CONTENTS NOTE | |
| Formatted contents note | Perspectiva cronológica -- Aproximación teórica -- Antecedentes de la inversión extranjera en Colombia -- La inversión extranjera y su incidencia en el proceso -- Presencia de la inversión extranjera en la industria manufacturera colombiana -- Incidencia en empleo y salarios -- Distribución geográfica de la inversión -- Articulación del capital extranjero y el capital local -- Exportaciones -- La inversión extranjera y el proceso de monopolización -- La tecnología -- Tendencias recientes: la década de los 70 |
| 650 14 - SUBJECT ADDED ENTRY--TOPICAL TERM | |
| Topical term or geographic name entry element | Inversiones extranjeras |
| 9 (RLIN) | 16464 |
| Geographic subdivision | Colombia |
| 650 24 - SUBJECT ADDED ENTRY--TOPICAL TERM | |
| Topical term or geographic name entry element | Industrias manufactureras |
| Geographic subdivision | Colombia |
| 9 (RLIN) | 38646 |
| 942 ## - ADDED ENTRY ELEMENTS (KOHA) | |
| Source of classification or shelving scheme | Dewey Decimal Classification |
| Koha item type | Books |
| Withdrawn status | Lost status | Source of classification or shelving scheme | Damaged status | Not for loan | Collection code | Home library | Current library | Date acquired | Source of acquisition | Full call number | Barcode | Date last seen | Copy number | Koha item type |
|---|---|---|---|---|---|---|---|---|---|---|---|---|---|---|
| Dewey Decimal Classification | Non-fiction | Biblioteca Pública José María del Castillo y Rada | Biblioteca Pública José María del Castillo y Rada | 04/15/2018 | Donación | 332.6731 / A662i | 430005022 | 05/16/2024 | Ej.1 | Books |